000 00678nam a22002057a 4500
005 20260102122744.0
010 _aENG-147388
020 _a9789373592121
_c700.00
035 _aEN-130920
037 _bDBAD
082 _a000
_21
100 _aVikaramjeet
_986202
245 _aReasoning Guru 2.0/
_cVikaramjeet
250 _a1
260 _aNew Delhi
_bS Chand and Company Limited
_c2026
270 _a A-27, 2nd Floor, Mohan Co-operative Industrial Estate
_bNew Delhi
_e110044
_minfo@schandpublishing.com
_k011-49731800
300 _a624p.
_c26cm(pb)
500 _aUseful For SSC, Banking, Railway, State & other Govt Exams
942 _2ddc
_cEN
_h000
_mVIK
999 _c214002
_d214002